000 00351nam a22001457a 4500
003 MACL
005 20190920151938.0
008 190920b xxu||||| |||| 00| 0 eng d
040 _cMACL
100 _aKhanam, Mahjabeen
_976719
245 _aChild Psychology
260 _aDelhi
_bAne Books
_c2018
650 _a Psychology
_976720
942 _2ddc
_cBK
999 _c61049
_d61049